| 000 | 00928cam a22003017a 4500 | ||
|---|---|---|---|
| 003 | CHAP | ||
| 005 | 20220329134925.0 | ||
| 008 | 971013s1931 r 00010 d | ||
| 010 | _a28132 | ||
| 011 | _a29104 | ||
| 035 | _a33215 | ||
| 040 | _cCHAP | ||
| 082 | 0 | 4 |
_a636.39 _bL3 |
| 100 | 0 | 0 |
_aLandaverde, Arnulfo. _964671 |
| 245 | 1 | 3 | _aEl libro de la cabra |
| 260 |
_aMéxico, D.F. : _bSecretaría de Fomento, _c1931 |
||
| 300 |
_a147 p. _b: ilus. |
||
| 500 | _aLa c.1 está enc. con otros impresos similares | ||
| 590 |
_aBATCH-UPD _b10 _c20130110 _lUCH01 _h2103 |
||
| 590 |
_aBATCH-UPD _b10 _c20130410 _lUCH01 _h1415 |
||
| 590 |
_aBATCH-UPD _b10 _c20130914 _lUCH01 _h1507 |
||
| 590 |
_aCONVERSION _b10 _c20130109 _lUCH01 _h1316 |
||
| 650 | 1 | 4 |
_aGanado cabrío. _944988 |
| 901 | _aBK | ||
| 942 | _cLIBRO | ||
| 949 |
_a636.39 L3 _bBC _cBPP _d-77135 _eBPP _i33215 _si |
||
| 949 |
_a636.39 L3 _bBC _cBPP _d-77136 _eBPP _fc.2 _h66251 _i33215 _si |
||
| 999 |
_c28132 _d28132 |
||